|
|
|
|
| LEADER |
00000cam a2200000 7i4500 |
| 001 |
0000008042 |
| 002 |
000008777 |
| 005 |
20000330.0 |
| 020 |
|
|
|a 9813023880
|
| 090 |
0 |
0 |
|a JF
|b BOO
|
| 245 |
1 |
0 |
|a Shortstories 55
|
| 260 |
|
|
|a Singapore :
|b Bookworm Publishing ,
|c 1993
|
| 300 |
|
|
|a 75p. :
|b ill. ;
|c 21cm.
|
| 650 |
0 |
0 |
|a Children's stories
|
| 999 |
|
|
|a 047098
|b BUKU
|c PINJAMAN
|e PERPUSTAKAAN KOMUNITI PETALING JAYA
|
| 999 |
|
|
|a 050815
|b BUKU
|c PINJAMAN
|e PERPUSTAKAAN KOMUNITI PETALING JAYA
|
| 999 |
|
|
|a 050816
|b BUKU
|c PINJAMAN
|e PERPUSTAKAAN KOMUNITI PETALING JAYA
|
| 999 |
|
|
|a 050817
|b BUKU
|c PINJAMAN
|e PERPUSTAKAAN KOMUNITI PETALING JAYA
|